Statistics for Borussia Dortmund Record Transfers

Click here to take the quiz!

General Stats

  • This quiz has been taken 210 times
    (194 since last reset)
  • The average score is 7 of 10

Answer Stats

YearCountryPositionFromTransfer FeePlayer% Correct
2013-2014GabonFWSaint-Etienne13M€Pierre-Emerick Aubameyang
95%
2012-2013GermanyFWBorussia M'Gladbach17,1M€Marco Reus
93%
2014-2015ItalyFWTorino19,4M€Ciro Immobile
90%
2013-2014ArmeniaMDShakhtar Donetsk27,5M€Henrikh Mkhitaryan
83%
2014-2015SloveniaFWRed Bull Salzburg12M€Kevin Kampl
70%
2000-2001Czech RepublicMDSparta Prague14,5M€Tomas Rosicky
68%
2001-2002Czech RepublicFWAnderlecht12,75M€Jan Koller
53%
2001-2002BrazilFWParma21,5M€Marcio Amoroso
52%
2014-2015GermanyMDFreiburg10M€Matthias Ginter
51%
2003-2004BrazilDFParma15M€Evanilson
31%

Score Distribution

Percentile by Number Answered

Percent of People with Each Score

Your Score History

You have not taken this quiz since the last reset